[Event "tht Extraliga 16/17,Unichess-Novy Bor"]
[Site "Brno"]
[Date "2017.03.31"]
[Round "9.7"]
[White "Bartos, Jan"]
[Black "Babula, Vlastimil"]
[WhiteElo "2163"]
[BlackElo "2548"]
[Result "0-1"]

1. d4 Nf6 2. Nf3 g6 3. g3 Bg7 4. Bg2 O-O 5. O-O d6 6. b3 c5 7. Bb2 cxd4 8. Nxd4
d5 9. c4 e5 10. Nf3 e4 11. Nd4 dxc4 12. bxc4 e3 13. f3 Nc6 14. Nxc6 bxc6 15. Nc3
Be6 16. Ba3 Re8 17. Qa4 Nd7 18. Rac1 Nb6 19. Qxc6 Rc8 20. Qb7 Rb8 21. Qc6 Nxc4
22. Bc5 Qa5 0-1

[Event "tht Extraliga 16/17,Unichess-Novy Bor"]
[Site "Brno"]
[Date "2017.03.31"]
[Round "9.8"]
[White "Kriebel, Tadeas"]
[Black "Pokorny, Petr"]
[WhiteElo "2465"]
[BlackElo "2172"]
[Result "1-0"]

1. e4  e5  2. Nf3  Nf6
3. d4  Nxe4  4. Bd3
d5  5. Nxe5  Nd7
6. Nxd7  Bxd7  7. Nc3
Nxc3  8. bxc3  c6
9. O-O  Be7  10. Qh5
g6  11. Qh6  Be6
12. a4  Bf8  13. Qe3
Bd6  14. Ba3  Bxa3
15. Rxa3  Qd6  16. Rb3
O-O-O  17. a5  Kb8
18. Ba6  Bc8  19. Bxb7
Kc7  20. Rfb1  Rhe8
21. Qd3  Qe6  22. h3
Kd6  23. Bxc6  Kxc6
24. Qb5+  Kc7  25. Qc5+ 1-0

[Event "tht Extraliga 16/17,Lysa nad Labem B-Lysa nad Labem A"]
[Site "Brno"]
[Date "2017.03.31"]
[Round "9.1"]
[White "Nguyen, Thai"]
[Black "Landa, Konstantin"]
[WhiteElo "2432"]
[BlackElo "2617"]
[Result "1/2-1/2"]

1. e4  e5  2. Nf3  Nc6
3. Bc4  Bc5  4. O-O
Nf6  5. d3  d6
6. c3  Bb6  7. Bb3  Ne7
8. Nbd2  c6  9. d4
Bc7  10. Re1  Ng6
11. Nf1  O-O  12. Ng3
Re8  13. dxe5  dxe5
14. Qxd8  Rxd8  15. Bg5
Bg4  16. Nf5  Kf8
17. Rad1  Nf4  18. Bxf6
gxf6  19. Bc2  a5
20. Ne3  Bxf3  21. gxf3
Bb6  22. a4  Rxd1
23. Rxd1  Rd8  24. Rxd8+
Bxd8  25. Kf1  Bb6
26. Nc4  Bc7  27. Ne3
1/2-1/2

[Event "tht Extraliga 16/17,Lysa nad Labem B-Lysa nad Labem A"]
[Site "Brno"]
[Date "2017.03.31"]
[Round "9.2"]
[White "Yemelin, Vasily"]
[Black "Suran, Jan"]
[WhiteElo "2559"]
[BlackElo "2408"]
[Result "1-0"]

1. d4  g6  2. c4  Nf6
3. Nc3  Bg7  4. e4
d6  5. Nf3  O-O
6. Be2  c5  7. O-O  cxd4
8. Nxd4  Nc6  9. Be3
Nxd4  10. Bxd4  Bd7
11. Qd2  Bc6  12. f3
a5  13. b3  Nd7
14. Bf2  Nc5  15. Rab1  e6
16. Rfd1  Be5  17. Bf1
Qf6  18. Bd4  Rad8
19. a3  Qe7  20. b4
axb4  21. axb4  Bxd4+
22. Qxd4  e5  23. Qe3
Na4  24. Nd5  Bxd5
25. Rxd5  Qc7  26. Rb5
Ra8  27. h4  Ra6
28. h5  Rb6  29. Rxb6
Qxb6  30. Qxb6  Nxb6
31. c5  dxc5  32. bxc5
Nd7  33. Rxb7  Nxc5
34. Re7  gxh5  35. Bc4
Kg7  36. Rxe5  Nd7
37. Re7  Nf6  38. Kh2
Ng8  39. Rc7  Nh6
40. Kg3  Kg6  41. Kh4
Rd8  42. Bd5  Rd6
43. f4  Rf6  44. f5+
Kg7  45. Kg5  Ng4
46. Kf4  Nf2  47. Ke3
Ng4+  48. Kf4  Nf2
49. Bc4  Ng4  50. e5
Nxe5  51. Kxe5  h4
52. Bd5  1-0

[Event "tht Extraliga 16/17,Lysa nad Labem B-Lysa nad Labem A"]
[Site "Brno"]
[Date "2017.03.31"]
[Round "9.3"]
[White "Londyn, Radek"]
[Black "Stocek, Jiri"]
[WhiteElo "2432"]
[BlackElo "2568"]
[Result "1/2-1/2"]

1. d4  Nf6  2. Nf3  b6
3. Bf4  Bb7  4. e3
e6  5. Nbd2  Nh5
6. Bg5  Be7  7. Bxe7
Qxe7  8. g3  O-O
9. Bg2  f5  10. O-O
Nf6  11. Ne1  Bxg2
12. Nxg2  c5  13. c3
Nc6  14. Qa4  Rab8
15. dxc5  Qxc5  16. Nb3
Qe5  17. Nd4  Nxd4
18. Qxd4  Qc7  19. Rfd1
Rbc8  20. a4  Rfd8
21. Ne1  Ne4  22. Kg2
d6  23. f3  Nf6
24. Qd3  Qb7  25. Nc2  a6
26. Nd4  Re8  27. Kf2
g6  28. Nc2  d5
29. Kg1  Nd7  30. Qf1  Ne5
31. Qe2  Nc4  32. Ra2
Rcd8  33. Nb4  a5
34. Nc2  e5  35. Na3
Nd6  36. Raa1  Qc6
37. Nb5  Nxb5  38. axb5
Qc5  39. Kg2  f4
40. e4  dxe4  41. fxe4
Rf8  42. Rxd8  Rxd8
43. Rd1  Rxd1  44. Qxd1
Qxb5  45. Qd8+  Kf7
46. Qc7+  Ke6  47. Qc8+
Qd7  48. Qg8+  Kf6
49. Qh8+  Ke6  50. Qg8+
Kf6  51. Qh8+  Ke6
52. Qg8+  Kf6  1/2-1/2

[Event "tht Extraliga 16/17,Lysa nad Labem B-Lysa nad Labem A"]
[Site "Brno"]
[Date "2017.03.31"]
[Round "9.4"]
[White "Plat, Vojtech"]
[Black "Cerveny, Martin"]
[WhiteElo "2510"]
[BlackElo "2379"]
[Result "1-0"]

1. d4  d5  2. c4  dxc4
3. e4  e5  4. Nf3
exd4  5. Bxc4  Nc6
6. O-O  Bc5  7. Ng5
Nh6  8. Nxf7  Nxf7
9. Bxf7+  Kxf7  10. Qh5+
g6  11. Qxc5  Re8
12. Nd2  Kg7  13. b3
Qf6  14. Bb2  b6
15. Qc2  Bb7  16. Nf3
Rad8  17. Rad1  Re7
18. a3  a5  19. Rfe1
h6  20. Qc4  Kh7
21. b4  axb4  22. axb4
Qe6  23. Qxe6  Rxe6
24. b5  Nb4  25. Nxd4
Rxe4  26. f3  Rxe1+
27. Rxe1  Kg8  28. Re7
Nd5  29. Rg7+  Kxg7
30. Ne6+  Kg8  31. Nxd8
Bc8  32. Nc6  Bd7
33. Nd4  Ne3  34. Bc1
Nf5  35. Nxf5  gxf5
36. Bxh6  Bxb5  37. Bf4
c5  38. Bc7  c4
39. Bxb6  c3  40. Be3  Kf7
41. Kf2  Ba4  42. Kg3
Bd1  43. Kf4  Kg6
44. h4  Kh5  45. Kxf5
Kxh4  46. Bf2+  Kh5
47. g4+  Kh6  48. Be3+
Kh7  49. f4  Be2
50. g5  c2  51. Kf6
Bd3  52. f5  Be4
53. g6+  Kg8  54. Bc1
Bd3  55. Kg5  Bb5
56. Ba3  Bc6  57. f6
Be8  58. Kh6  Kh8
59. Bc1  Kg8  60. Bb2
1-0

[Event "tht Extraliga 16/17,Lysa nad Labem B-Lysa nad Labem A"]
[Site "Brno"]
[Date "2017.03.31"]
[Round "9.5"]
[White "Spacek, Petr"]
[Black "Krejci, Jan"]
[WhiteElo "2372"]
[BlackElo "2518"]
[Result "0-1"]

1. d4  Nf6  2. Nf3  e6
3. Bg5  d5  4. e3
c5  5. c3  Nbd7
6. Nbd2  Be7  7. Bd3  h6
8. Bh4  b6  9. Ne5
Nxe5  10. dxe5  Nd7
11. Bxe7  Qxe7  12. f4
Bb7  13. Nf3  O-O-O
14. a4  a5  15. Bb5
g5  16. Qe2  Rhg8
17. O-O-O  g4  18. Ne1
c4  19. Nc2  Nc5
20. Nd4  f6  21. exf6
Qxf6  22. Rhf1  Rdf8
23. Kb1  h5  24. Ka2
Kb8  25. Rc1  Rf7
26. Rb1  Ka7  27. Rbd1
Qg6  28. Qc2  Qxc2
29. Nxc2  Rgf8  30. Nd4
Rf6  31. Rg1  Kb8
32. Ne2  Kc7  33. Ka3
Bc8  34. h3  Rg6
35. h4  g3  36. Nd4
Ne4  37. Nf3  Rg4
38. Ne5  Rg7  39. Rde1
Nc5  40. Rd1  Bd7
41. Bxd7  Nxd7  42. Nf3
Nc5  43. Ne5  Ne4
44. Rde1  Kd6  45. Rd1
Ke7  46. Rge1  Kf6
47. Re2  Rb7  48. Rd4
Kf5  49. Rd1  b5
50. Nc6  bxa4  51. Nd4+
Kf6  52. Kxa4  Rxb2
53. Rc1  Rfb8  54. Rec2
Nc5+  55. Ka3  Nd3
56. Rxb2  Rxb2  57. Rg1
Rf2  58. Rb1  Rxg2
59. Rb6  Nc5  60. f5
Rf2  61. fxe6  g2
62. e7+  Kxe7  63. Rg6
Kf7  0-1

[Event "tht Extraliga 16/17,Lysa nad Labem B-Lysa nad Labem A"]
[Site "Brno"]
[Date "2017.03.31"]
[Round "9.6"]
[White "Jansa, Vlastimil"]
[Black "Jurasek, Miroslav"]
[WhiteElo "2447"]
[BlackElo "2256"]
[Result "1-0"]

1. e4  e5  2. Nf3  Nc6
3. Bb5  a6  4. Ba4
Nf6  5. O-O  Be7
6. Re1  b5  7. Bb3
d6  8. c3  O-O
9. h3  Na5  10. Bc2  c5
11. d4  Nd7  12. Nbd2
exd4  13. cxd4  Nc6
14. Nb3  Bb7  15. Bf4
Re8  16. Qd2  c4
17. Nc1  Rc8  18. Ne2
Bf8  19. a4  g6
20. axb5  axb5  21. Nc3  b4
22. Nd5  b3  23. Bb1
Bg7  24. Rc1  Ne7
25. Ne3  d5  26. e5
f5  27. g4  fxg4
28. Nxg4  Rf8  29. Rc3
Nf5  30. e6  Nc5
31. Bg5  Qc7  32. dxc5
d4  33. Rxc4  Bxf3
34. Bd3  Bd5  35. Re1
h5  36. e7  hxg4
37. exf8=Q+ Rxf8  38. hxg4  Ng3
39. Re7  Qc8  40. Rxg7+
Kxg7  41. Bh6+  1-0

[Event "tht Extraliga 16/17,Lysa nad Labem B-Lysa nad Labem A"]
[Site "Brno"]
[Date "2017.03.31"]
[Round "9.8"]
[White "Kosnar, Martin"]
[Black "Kozeny, Pavel"]
[WhiteElo "2123"]
[BlackElo "2069"]
[Result "1/2-1/2"]

1. Nf3  e6  2. d4  d5
3. Bf4  c6  4. c3
f5  5. e3  Nf6
6. Nbd2  Be7  7. c4  O-O
8. Be2  Ne4  9. Nxe4
fxe4  10. Nd2  Bd6
11. Bxd6  Qxd6  12. Qb3
Kh8  13. f3  exf3
14. Bxf3  a5  15. O-O
b5  16. cxb5  cxb5
17. Be2  Rxf1+  18. Rxf1
Nd7  19. Nf3  Qb4
20. Qc2  Qe7  21. Bxb5
Nf6  22. Ne5  Bb7
23. Bd3  Rc8  24. Qd2
Qb4  25. Qf2  Ne4
26. Qf7  Ng5  27. Qh5
Ne4  28. Qh3  Re8
29. Bxe4  dxe4  30. Nf7+
Kg8  31. Ng5  h6
32. Qh5  Qe7  33. Nh3
Bd5  34. b3  Rf8
35. Nf4  Rf5  36. Nxd5
Rxd5  37. Qe2  Qg5
38. Rf4  e5  39. dxe5
Rxe5  40. Qc4+  Kh7
41. a3  Qd8  42. Rf1
Qd3  43. Qxd3  exd3
44. Rd1  Rxe3  45. Kf2
Re2+  46. Kf3  Ra2
47. Rxd3  1/2-1/2

[Event "tht Extraliga 16/17,Duras Brno-Lokomotiva Brno"]
[Site "Brno"]
[Date "2017.03.31"]
[Round "9.1"]
[White "Shengelia, David"]
[Black "Biolek, Richard"]
[WhiteElo "2572"]
[BlackElo "2437"]
[Result "1-0"]

1. d4  d5  2. e3  Nf6
3. c4  c6  4. Nc3
g6  5. Nf3  Bg7
6. Be2  O-O  7. O-O  Bf5
8. Qb3  Qb6  9. Qa3
Qc7  10. cxd5  Nxd5
11. Bd2  Nxc3  12. Bxc3
Re8  13. Rac1  Bg4
14. Rfd1  Nd7  15. h3
Bxf3  16. Bxf3  Qd6
17. Qb3  Rab8  18. e4
Nb6  19. a4  e6
20. a5  Nc8  21. Bb4  Qf4
22. e5  a6  23. g3
Qg5  24. Bd2  Qd8
25. Bxc6  Re7  26. Bg5
Qxa5  27. Bxe7  Nxe7
28. Bg2  b5  29. d5
Bxe5  30. dxe6  f5
31. Rd7  Bf6  32. Qe3
Qb4  33. b3  a5
34. Rcd1  a4  35. Qa7  Rf8
36. bxa4  bxa4  37. Rb7
Qa3  38. Kh2  f4
39. gxf4  Nf5  40. Rf7
Be7  41. Rxf8+  Kxf8
42. Be4  Qb4  43. Rd8+
Kg7  44. Bxf5  gxf5
45. Rd4  Qa3  46. Rd7
Kf6  47. Qd4+  1-0

[Event "tht Extraliga 16/17,Duras Brno-Lokomotiva Brno"]
[Site "Brno"]
[Date "2017.03.31"]
[Round "9.2"]
[White "Druska, Juraj"]
[Black "Ponizil, Cyril"]
[WhiteElo "2437"]
[BlackElo "2486"]
[Result "1/2-1/2"]

1. e4  c5  2. Nf3  e6
3. d4  cxd4  4. Nxd4
a6  5. Bd3  Nf6
6. c4  Nc6  7. Nc2  d5
8. exd5  exd5  9. O-O
Bg4  10. Be2  Be6
11. cxd5  Nxd5  1/2-1/2

[Event "tht Extraliga 16/17,Duras Brno-Lokomotiva Brno"]
[Site "Brno"]
[Date "2017.03.31"]
[Round "9.3"]
[White "Polak, Tomas"]
[Black "Kratochvil, Josef"]
[WhiteElo "2508"]
[BlackElo "2262"]
[Result "1-0"]

1. d4  g6  2. c4  Bg7
3. e4  c5  4. d5
d6  5. Nc3  Nf6
6. h3  O-O  7. Nf3  a6
8. a4  e5  9. Bg5
h6  10. Be3  Nbd7
11. Qd2  Kh7  12. g4
Qa5  13. Ra3  Ng8
14. Bd3  Ndf6  15. Nh2
Bd7  16. Nf1  Ne8
17. f3  Qd8  18. h4
Nc7  19. a5  Rb8
20. Ng3  b5  21. axb6
Rxb6  22. h5  g5
23. Kf2  Qf6  24. Kg2
Rfb8  25. Rb1  Bf8
26. Na2  Qd8  27. Qc1
R8b7  28. Bc2  Qb8
29. b3  Be7  30. Bd2
Ra7  31. Ba5  Rbb7
32. b4  Ne8  33. bxc5
dxc5  34. Rxb7  Rxb7
35. Bc3  Rb6  36. Qa1
f6  37. Nc1  Nd6
38. Qa2  Qc8  39. Nf1
Ne8  40. Ne3  Bd6
41. Nd3  Ne7  42. Ra5
Nc7  43. Bd2  Qb7
44. Nxc5  Bxc5  45. Rxc5
Ne8  46. Ra5  Nd6
47. Qa3  1-0

[Event "tht Extraliga 16/17,Duras Brno-Lokomotiva Brno"]
[Site "Brno"]
[Date "2017.03.31"]
[Round "9.4"]
[White "Ramik, Zdenek"]
[Black "Simacek, Pavel"]
[WhiteElo "2187"]
[BlackElo "2475"]
[Result "0-1"]

1. e4  d5  2. exd5  Nf6
3. Nf3  Nxd5  4. d4
Bg4  5. Be2  e6
6. h3  Bh5  7. Ne5  Bxe2
8. Qxe2  c6  9. O-O
Bd6  10. Re1  Bxe5
11. Qxe5  O-O  12. c3
Nd7  13. Qg3  c5
14. dxc5  Nxc5  15. Nd2
Ne7  16. Nb3  Nf5
17. Qf3  Nxb3  18. axb3
Qb6  19. Ra4  Qxb3
20. Rb4  Qc2  21. Rxb7
a5  22. Qd1  Qxd1
23. Rxd1  Rfd8  24. Rxd8+
Rxd8  25. Bf4  Rd1+
26. Kh2  f6  27. g4
Nh4  28. Be3  g5
29. f4  Rd3  30. Bf2
Nf3+  31. Kg2  gxf4
32. c4  Nd2  33. c5
Ne4  34. c6  f3+
35. Kh2  Rd2  36. c7
Rxf2+  37. Kg1  Rg2+
38. Kf1  Ng3+  0-1

[Event "tht Extraliga 16/17,Duras Brno-Lokomotiva Brno"]
[Site "Brno"]
[Date "2017.03.31"]
[Round "9.5"]
[White "Blahynka, Martin"]
[Black "Kratochvil, Vit"]
[WhiteElo "2414"]
[BlackElo "2218"]
[Result "1-0"]

1. d4  Nf6  2. c4  c5
3. d5  e5  4. Nc3
d6  5. e4  g6
6. Be2  Bg7  7. g4 h5 8. g5  Nh7
9. h4 O-O  10. Be3  Na6
11. Bf3  Nc7  12. Nge2
Bd7  13. a4  Rb8
14. Ng3  a6  15. a5
b5  16. axb6  Rxb6
17. Qe2  Qb8  18. Bc1
Rb4  19. Bxh5  gxh5
20. Nf5 Bxf5  21. exf5  Rd8
22. f6  Bh8 23. Qxh5  Nf8
24. Qe2  Qc8  25. Qe4
Ne8  26. Rg1  a5
27. Rxa5  Qc7  28. Ra3
Qb7  29. Nd1  Rb3
30. Ne3  Rxa3  31. bxa3
Qb3  32. Nf5  Ng6
33. Rg3  Qa2  34. h5
Qa1  35. Kd1 Nf4  36. Nh6+
Kf8  37. Qh7 Qd4+ 38. Ke1  Bg7
39. Qg8# 1-0

[Event "tht Extraliga 16/17,Duras Brno-Lokomotiva Brno"]
[Site "Brno"]
[Date "2017.03.31"]
[Round "9.6"]
[White "Dvorak, Adam"]
[Black "Roubalik, Jakub"]
[WhiteElo "2175"]
[BlackElo "2403"]
[Result "1/2-1/2"]

1. d4  Nf6  2. c4  e6
3. Nf3  b6  4. g3
Ba6  5. Qc2  Bb4+
6. Bd2  Be7  7. Bg2
d5  8. cxd5  exd5
9. Nc3  O-O  10. O-O
Bb7  11. Bf4  a6
12. Rac1  Nbd7  13. Rfd1
Re8  14. h3  Nf8
15. Na4  c6  16. Ne5
Rc8  17. Qb3  b5
18. Nd3  Ne6  19. Be3
Nd7  20. Rc2  Qa5
21. Nac5  Ndxc5  22. Nxc5
Nxc5  23. dxc5  Bf6
24. Bd4  Bxd4  25. Rxd4
Rc7  26. e3  Rce7
27. Re2  Bc8  28. a3
Bf5  29. Qb4  Qc7
30. Qc3  Be4  31. Red2
h5  32. Bxe4  Rxe4
33. Rxe4  Rxe4  34. Rd4
Re6  35. Kg2  Qe7
36. Qa5  Qxc5  37. Qxa6
Rf6  38. b4  Qc2
39. Rf4  Rxf4  40. gxf4
Qg6+  41. Kh2  d4
42. exd4  Qe4  43. Kg1
1/2-1/2

[Event "tht Extraliga 16/17,Duras Brno-Lokomotiva Brno"]
[Site "Brno"]
[Date "2017.03.31"]
[Round "9.7"]
[White "Vyskocil, Neklan"]
[Black "Kratochvil, Karel"]
[WhiteElo "2336"]
[BlackElo "2226"]
[Result "1-0"]

1. c4  e5  2. Nc3  Nf6
3. g3  Bc5  4. Bg2
O-O  5. e3  Re8
6. Nge2  Nc6  7. d3  d6
8. h3  Be6  9. O-O
d5  10. d4  exd4
11. exd4  Bf8  12. Nf4
Ne7  13. Nxe6  fxe6
14. Qb3  b6  15. Bg5
c6  16. Rfe1  Nf5
17. cxd5  cxd5  18. Nxd5
Rc8  19. Nxf6+  gxf6
20. Rxe6  Nxd4  21. Rxe8+
Nxb3  22. Rxd8  Rxd8
23. Bxf6  Rd6  24. Re1
Rxf6  25. Bd5+  Kg7
26. Bxb3  Bc5  27. Re2
a5  28. Kg2  Rd6
29. Bc4  Rd1  30. a4
h6  31. b3  Kf6
32. f4  Rg1+  33. Kf3  h5
34. Re6+  Kg7  35. g4
h4  36. Ke4  Rg3
37. g5  Rxh3  38. Kf5
Rg3  39. Rg6+  Kf8
40. Rg8+  Ke7  41. Rh8
h3  42. Bf1  Rxb3
43. Rxh3  Rb4  44. Bb5
Bd6  45. Re3+  Kf7
46. Re4  Rb2  47. Bc4+
Kf8  48. Kf6  Bb4
49. Bb5  1-0

[Event "tht Extraliga 16/17,Duras Brno-Lokomotiva Brno"]
[Site "Brno"]
[Date "2017.03.31"]
[Round "9.8"]
[White "Kulovana, Eva"]
[Black "Chytilek, Roman"]
[WhiteElo "2158"]
[BlackElo "2330"]
[Result "1/2-1/2"]

1. e4  d6  2. d4  g6
3. Nc3  Nf6  4. f4
Bg7  5. Nf3  O-O
6. Bd3  Na6  7. O-O
c5  8. d5  Bg4
9. a4  Rb8  10. Bc4  Nc7
11. h3  Bxf3  12. Qxf3
Nd7  13. a5  a6
14. Na4  b5  15. axb6  Nxb6
16. Nxb6  Rxb6  17. Ra2
e6  18. b3  exd5
19. exd5  Nb5  20. Bd2
Qf6  21. Qd3  Qd4+
22. Qxd4  Bxd4+  23. Kh2
Nc3  24. Bxc3  Bxc3
25. Rxa6  Rxa6  26. Bxa6
Ra8  27. Bd3  Ra1
28. Rxa1  Bxa1  29. Kg3
Kg7  30. Kf3  Kf6
31. g4  h6  32. h4
Bc3  33. g5+  hxg5
34. hxg5+  Ke7  35. Ke3
Be1  36. Be4  Bc3
37. Kd3  Be1  38. c3
Bg3  39. Ke3  Be1
40. Kd3  Bg3  41. f5
gxf5  42. Bxf5  Bh4
43. b4  cxb4  44. cxb4
Kd8  45. b5  Kc7
46. g6  fxg6  47. Bxg6
1/2-1/2

[Event "tht Extraliga 16/17,SK Slavoj Poruba-Labortech Ostrava"]
[Site "Brno"]
[Date "2017.03.31"]
[Round "9.1"]
[White "Bobras, Piotr"]
[Black "Miton, Kamil"]
[WhiteElo "2522"]
[BlackElo "2617"]
[Result "1/2-1/2"]

1. e4  c6  2. d4  d5
3. Nc3  dxe4  4. Nxe4
Bf5  5. Ng3  Bg6
6. h4  h6  7. Nf3
e6  8. Ne5  Bh7
9. Bd3  Bxd3  10. Qxd3  Nd7
11. f4  Bb4+  12. c3
Be7  13. Bd2  Ngf6
14. O-O-O  c5  15. d5
Nxe5  16. fxe5  Qxd5
17. Qe2  Nd7  18. Bxh6
Qxa2  19. Bxg7  Rg8
20. Nh5  O-O-O  21. Bf6
Bxf6  22. Nxf6  Nxf6
23. exf6  Qa1+  24. Kc2
Rxd1  25. Rxd1  Qa4+
26. Kb1  Qxh4  27. Qe5
Qg5  28. Qd6  Qxf6
29. Qxc5+  Kb8  30. Rd7
Qf1+  31. Ka2  Qa6+
32. Kb1  Qf1+  33. Ka2
Qa6+  34. Kb1  1/2-1/2

[Event "tht Extraliga 16/17,SK Slavoj Poruba-Labortech Ostrava"]
[Site "Brno"]
[Date "2017.03.31"]
[Round "9.2"]
[White "Jakubiec, Artur"]
[Black "Markowski, Tomasz"]
[WhiteElo "2492"]
[BlackElo "2575"]
[Result "1/2-1/2"]

1. e4  c5  2. c3  Nf6
3. e5  Nd5  4. g3
e6  5. Bg2  Nc6
6. Nf3  b5  7. a4  b4
8. c4  Nde7  9. d4
cxd4  10. Nxd4  Bb7
11. O-O  Qb8  12. Nf3
Ng6  13. Re1  Qc7
14. b3  Bc5  15. Bb2
Qb6  16. Qe2  O-O
17. Nbd2  Na5  18. Ng5
Bxg2  19. Kxg2  Bd4
20. Bxd4  Qxd4  21. Ndf3
Qg4  22. Qe3  f6
23. h3  Qh5  24. exf6
gxf6  25. Ne4  f5
26. Ned2  Nc6  27. Qd3
Rf7  28. Kh2  Rd8
29. Qd6  e5  30. Nxe5
Ncxe5  1/2-1/2

[Event "tht Extraliga 16/17,SK Slavoj Poruba-Labortech Ostrava"]
[Site "Brno"]
[Date "2017.03.31"]
[Round "9.3"]
[White "Jakubowski, Krzysztof"]
[Black "Pakleza, Zbigniew"]
[WhiteElo "2534"]
[BlackElo "2491"]
[Result "1-0"]

1. c4  d6  2. Nc3  e5
3. Nf3  g6  4. g3
Bg7  5. Bg2  Ne7
6. O-O  O-O  7. d4
exd4  8. Nxd4  Nd7
9. Bf4  Re8  10. Rc1
Ne5  11. b3  h6
12. Rc2  a6  13. e4  Bd7
14. h3  N7c6  15. Nde2
f5  16. Bc1  fxe4
17. Nxe4  Nf7  18. g4
Qh4  19. Nf4  Kh7
20. Nd5  Rac8  21. Bb2
Rxe4  22. Bxe4  Ng5
23. Bg2  Bxb2  24. Rxb2
Rf8  25. f4  Nxh3+
26. Bxh3  Qxh3  27. Rg2
Ne7  28. Qf3  Qxf3
29. Rxf3  Bc6  30. Re2
Nxd5  31. cxd5  Bxd5
32. Re7+  Kg8  33. Rd3
c6  34. f5  Rf7
35. Rxf7  Kxf7  36. fxg6+  Kxg6
37. Kf2  a5  38. Re3
b5  39. Kg3  Kf7
40. Kf4  b4  41. Rh3
Kg6  42. Rh5  Kg7
43. Ke3  Kg6  44. Kf4
Kg7  45. Rf5  Kg8
46. Rf6  a4  47. bxa4
Bxa2  48. Rxd6  Bd5
49. a5  b3  50. a6 1-0

[Event "tht Extraliga 16/17,SK Slavoj Poruba-Labortech Ostrava"]
[Site "Brno"]
[Date "2017.03.31"]
[Round "9.4"]
[White "Rasik, Vitezslav"]
[Black "Cvek, Robert"]
[WhiteElo "2468"]
[BlackElo "2513"]
[Result "1/2-1/2"]

1. e4  e5  2. Nf3  Nc6
3. Bb5  a6  4. Ba4
Nf6  5. O-O  Be7
6. Re1  b5  7. Bb3
d6  8. c3  O-O
9. h3  h6  10. d4  Re8
11. Nbd2  Bf8  12. Nf1
Bb7  13. Ng3  Na5
14. Bc2  Nc4  15. b3
Nb6  16. a4  bxa4
17. bxa4  a5  18. Bd3
Qc8  19. d5  c6
20. Rb1  Nbd7  21. c4  Nc5
22. Be3  Nxd3  23. Qxd3
Qd7  24. Nd2  Ba6
25. Qa3  Reb8  26. Rb6
c5  27. Reb1  Qd8
28. R6b5  Nd7  29. Qb3
g6  30. Qc2  Bxb5
31. cxb5  Nb6  32. Nc4
Nxc4  33. Qxc4  Rb7
34. Nf1  f5  35. f3
f4  36. Bf2  Be7
37. Nd2  Qd7  38. Qd3
Bd8  39. Nc4  Bb6
40. Kf1  Kh7  41. Ke2
Qd8  42. Kd2  h5
43. Kc2  h4  44. Qe2
g5  45. Be1  Re7
46. Bc3  Kg6  47. Qd2
Raa7  48. Kb3  Re8
49. Ka3  Ra8  50. Rd1
Ra7  51. Qb2  Rae7
52. Rd3  Kh6 53. Rd1  Kg6
54. Qd2  Ra7  55. Rb1
1/2-1/2

[Event "tht Extraliga 16/17,SK Slavoj Poruba-Labortech Ostrava"]
[Site "Brno"]
[Date "2017.03.31"]
[Round "9.5"]
[White "Kanovsky, David"]
[Black "Kociscak, Jiri"]
[WhiteElo "2410"]
[BlackElo "2476"]
[Result "1-0"]

1. d4  Nf6  2. Nc3  d5
3. Bg5  Nbd7 4. Nf3 h6  5. Bh4
c5  6. dxc5  Qa5
7. Bxf6  Nxf6  8. Qd4
e6  9. b4  Qd8
10. e4  a5  11. exd5  exd5
12. Bb5+  Bd7  13. O-O
Be7  14. Bxd7+  Qxd7
15. Ne5  Qc7  16. Nb5
Qc8  17. a3  O-O
18. Rfe1  Re8  19. c4
axb4  20. axb4  Rxa1
21. Qxa1  Qf5  22. Nc7
Rd8  23. Nf3  Rd7
24. Re5  Qd3  25. Nxd5
Nxd5  26. Rxd5  Rxd5
27. cxd5  Qxd5  28. Qe5
Qd7  29. g3  Bf6
30. Qe4  Qb5  31. Ne1
Bc3  32. Nd3  g6
33. h4  h5  34. Kg2
Kg7  35. Kf3  Kg8
36. Ke3  Kf8  37. f4
Kg7  38. f5  Qd7
39. fxg6  fxg6  40. Kf3
Qf7+  41. Nf4  Bb2
42. b5  Bc1  43. Qxg6+
1-0

[Event "tht Extraliga 16/17,SK Slavoj Poruba-Labortech Ostrava"]
[Site "Brno"]
[Date "2017.03.31"]
[Round "9.6"]
[White "Velicka, Petr"]
[Black "Malinovsky, Karel"]
[WhiteElo "2431"]
[BlackElo "2472"]
[Result "1/2-1/2"]

1. e4  e5  2. Nf3  Nc6
3. Bb5  a6  4. Ba4
Nf6  5. O-O  Be7
6. Re1  b5  7. Bb3
d6  8. c3  O-O
9. h3  Bb7  10. d4  Re8
11. Nbd2  Bf8  12. d5
Nb8  13. Nf1  Nbd7
14. N3h2  Nc5  15. Bc2
c6  16. b4  Ncd7
17. dxc6  Bxc6  18. Bg5
Qc7  19. Ng4  Nxg4
20. hxg4  Nb6  21. Bb3
Bd7  22. Rc1  Be6
23. Ne3  Rac8  24. Nd5
Bxd5  25. Bxd5  Be7
26. Be3  Nxd5  27. Qxd5
Qc4  28. Qxc4  Rxc4
29. f3  Rec8  30. Bd2
Rd8  31. Red1  d5
32. exd5  Rxd5  33. Be1
Rd6  34. a4  bxa4
35. Rxd6  Bxd6  36. Ra1
e4  37. Rxa4  Be5
38. Rxa6  h5  39. Ra8+
Kh7  40. Ra5  Bxc3
41. Rxh5+  Kg6  42. Bxc3
Rxc3  43. Kf2  exf3
44. gxf3  Rb3  45. Rb5
Kf6  46. Kg3  g5
47. Kf2  Ke6  48. Rb8
Kd6  49. Rd8+  Ke5
50. Re8+  Kd6  51. Re4
Rb2+  52. Ke1  f6
53. Rd4+  Ke5  54. Rc4
Kd5  55. Re4  Kd6
56. Kf1  Kd5  57. Kg1
Kd6  58. Rc4  Ke5
59. Kf1  Kd6  60. Ke1
Kd5  61. Re4  1/2-1/2

[Event "tht Extraliga 16/17,SK Slavoj Poruba-Labortech Ostrava"]
[Site "Brno"]
[Date "2017.03.31"]
[Round "9.7"]
[White "Caletka, Radomir"]
[Black "Biolek, Richard"]
[WhiteElo "2359"]
[BlackElo "2445"]
[Result "1/2-1/2"]

1. c4  c5  2. Nf3  Nf6
3. Nc3  e6  4. d4
cxd4  5. Nxd4  d6
6. e4  Nc6  7. Be3
Be7  8. Be2  O-O
9. O-O  a6  10. Qd2
Bd7  11. f3  Kh8
12. Rfd1  Ne5  13. Bf1
Rg8  14. Kh1  Rc8
15. b3  Nh5  1/2-1/2

[Event "tht Extraliga 16/17,SK Slavoj Poruba-Labortech Ostrava"]
[Site "Brno"]
[Date "2017.03.31"]
[Round "9.8"]
[White "Talla, Vladimir"]
[Black "Sosna, Jan"]
[WhiteElo "2438"]
[BlackElo "2347"]
[Result "1/2-1/2"]

1. d4  d5  2. c4  e6
3. Nf3  c6  4. e3
Nf6  5. b3  Nbd7
6. Bb2 Ne4  7. Bd3  Bd6
8. O-O  O-O  9. Nc3
f5  10. Ne2  Qf6
11. Qc1  Rf7  12. Ba3
Bc7  13. Ne1  g5
14. f3  Qh6  15. g3
Ndf6  16. Qc2  Bd7
1/2-1/2

[Event "tht Extraliga 16/17,SK AD Jicin-SK Slavoj Poruba"]
[Site "Brno"]
[Date "2017.04.01"]
[Round "10.1"]
[White "Gajewski, Grzegorz"]
[Black "Bobras, Piotr"]
[WhiteElo "2628"]
[BlackElo "2522"]
[Result "1/2-1/2"]

1. Nf3  Nf6  2. c4  g6
3. Nc3  Bg7  4. d3
d6  5. g3  O-O
6. Bg2  e5  7. O-O  Nc6
8. Bg5  h6  9. Bxf6
Bxf6  10. Rb1  a5
11. a3  Bg7  12. Nd2
Ne7  13. Qb3  c6
14. Na4  Qc7  15. Nb6
Ra6  16. Nxc8  Nxc8
17. Qc2  a4  18. Ne4
Nb6  19. c5  dxc5
20. Nxc5  Ra7  21. b4
axb3  22. Rxb3  Nd5
23. Rc1  Rd8  24. Qb1
b5  25. Ne4  Qd7
26. Qc2  Ne7  27. Nc5
Qd6  28. a4  bxa4
29. Rb7  Rda8  30. Rxa7
Rxa7  31. Nxa4  h5
32. Qb3  h4  33. Nc5
hxg3  34. hxg3  Bh6
35. Ne4  Qd4  36. Qb8+
Kg7  37. e3  Bxe3
38. Re1  Bh6  39. Nd6
Ra1  40. Rxa1  Qxa1+
41. Bf1  Qd4  42. Ne8+
1/2-1/2